000 00709nam a22002417a 4500
005 20170124110051.0
010 _a264476
020 _c20.00
035 _a264476
037 _bCen Lib/Ret
040 _aDPL
_bEN
082 _a810.9
_bMAC
100 _aMacdonell, Arthur A.
_925528
245 _aA history of Sanskrit literature /
_cby Arthur A. Macdonell
250 _a2nd ind ed.
260 _aDelhi
_bMunshi Ram Manohar Lal
_c1961
270 _bDelhi
_aNai Sarak
_e110006
300 _aix, 478p.
_c18cm(Hb)
500 _aIncludes index
650 _aSanskrit literature -- History and criticism
_912062
650 _aSanskrit literature
_9101929
942 _2ddc
_cEN
_h810.9
_mMAC
999 _c129137
_d129137